[Event "44th North Shore Open"]
[Site "Auckland NZL"]
[Date "2017.08.26"]
[Round "4"]
[White "Hague, Ben"]
[Black "Ang, Alphaeus Wei Ern"]
[Result "1/2-1/2"]
[WhiteElo "2326"]
[BlackElo "2141"]
[PlyCount "79"]
[EventDate "2017.08.26"]

1. e4 d5 2. exd5 Qxd5 3. Nc3 Qd6 4. d4 Nf6 5. Nf3 c6 6. h3 Bf5 7. Ne5 Nbd7 8.
Nc4 Qc7 9. Qf3 e6 10. Bf4 Qd8 11. O-O-O Nb6 12. Ne3 Bg6 13. h4 h6 14. h5 Bh7
15. Bd3 Bxd3 16. Rxd3 Bd6 17. Be5 Nbd5 18. Nexd5 cxd5 19. Qg3 Bf8 20. Re3 Kd7
21. Qh3 Kc6 22. Na4 Rc8 23. Rc3+ Kd7 24. Rxc8 Qxc8 25. Qb3 Qc6 26. Rh3 Ne4 27.
Re3 Qa6 28. Re1 b5 29. Nc3 Nxc3 30. Qxc3 Bd6 31. Bxg7 Rg8 32. Be5 Bxe5 33. dxe5
Qxa2 34. Qb4 Rxg2 35. Qxb5+ Ke7 36. Qc5+ Ke8 37. Qc8+ Ke7 38. Qc5+ Ke8 39. Qc8+
Ke7 40. Qc5+ 1/2-1/2

[Event "44th North Shore Open"]
[Site "Auckland NZL"]
[Date "2017.08.26"]
[Round "4"]
[White "Mistry, Prashant"]
[Black "Gong, Daniel Hanwen"]
[Result "0-1"]
[WhiteElo "2006"]
[BlackElo "2278"]
[PlyCount "118"]
[EventDate "2017.08.26"]

1. e4 c5 2. Nc3 a6 3. a4 e6 4. d3 d5 5. Qe2 Be7 6. g3 Nc6 7. Bg2 Nf6 8. Nf3 d4
9. Nd1 e5 10. Nd2 Rb8 11. f4 O-O 12. f5 Ne8 13. Nf3 Nd6 14. O-O b5 15. g4 c4
16. Bd2 b4 17. b3 cxb3 18. cxb3 f6 19. h4 Na5 20. Rb1 Qe8 21. h5 Qf7 22. Nh4
Nxb3 23. Ng6 Nxd2 24. Qxd2 hxg6 25. hxg6 Qe8 26. Bf3 Nf7 27. Qa2 b3 28. Rxb3
Be6 29. fxe6 Ng5 30. Rxb8 Qxb8 31. Qh2 Qb3 32. Be2 Rc8 33. Nf2 Qa2 34. Nh1 Qxe6
35. Ng3 Bb4 36. Kg2 Rc2 37. Rh1 Kf8 38. Qh8+ Qg8 39. Kf2 Ne6 40. Qxg8+ Kxg8 41.
a5 Rb2 42. Rc1 Bc3 43. Nh5 Nf8 44. Kf1 Nxg6 45. g5 fxg5 46. Bg4 Kf7 47. Bc8 Rh2
48. Ng3 Nf4 49. Rb1 Bxa5 50. Rb7+ Kf8 51. Rb8 Ke7 52. Bg4 g6 53. Rb7+ Kd6 54.
Ne2 Rh1+ 55. Ng1 Bd2 56. Bf3 Rh2 57. Rb6+ Kc5 58. Rxa6 Nxd3 59. Be2 Rf2# 0-1

[Event "44th North Shore Open"]
[Site "Auckland NZL"]
[Date "2017.08.26"]
[Round "4"]
[White "McLaren, Leonard J"]
[Black "Fan, Allen Chi Zhou"]
[Result "1-0"]
[WhiteElo "2208"]
[BlackElo "2055"]
[PlyCount "111"]
[EventDate "2017.08.26"]

1. e4 e6 2. d4 d5 3. Nc3 Bb4 4. Nge2 b6 5. a3 Bf8 6. e5 Bb7 7. Be3 Ne7 8. f4
Nbc6 9. Ng3 Qd7 10. Nh5 Ng8 11. g4 g6 12. Ng3 O-O-O 13. b4 Kb8 14. Bh3 f5 15.
exf6 Nxf6 16. O-O h5 17. g5 Ne8 18. Qd3 Ne7 19. Rae1 Nd6 20. Rf2 Bg7 21. Rfe2
Nef5 22. Bf2 Ne4 23. Nxf5 exf5 24. Rd1 Qd6 25. Be3 Qc6 26. Nxe4 dxe4 27. Qb3
Ba6 28. Red2 Bb5 29. Rc1 Bc4 30. Qc3 Qd5 31. a4 Rd6 32. b5 Rc8 33. Qb4 Bf8 34.
Qb2 c6 35. Rb1 Rd7 36. c3 cxb5 37. axb5 Rdc7 38. Bg2 Bd3 39. Rxd3 Qc4 40. Rd2
Qxc3 41. Qxc3 Rxc3 42. Kf2 Ra3 43. Bf1 Rcc3 44. Re1 Bd6 45. Rdd1 Kb7 46. Rc1
Bxf4 47. Rxc3 Rxc3 48. Bxf4 Rf3+ 49. Kg2 Rxf4 50. Be2 h4 51. Rf1 Rxf1 52. Kxf1
Kc7 53. Bh5 Kd6 54. Bxg6 Ke6 55. Ke2 h3 56. Ke3 1-0

[Event "44th North Shore Open"]
[Site "Auckland NZL"]
[Date "2017.08.26"]
[Round "4"]
[White "Seabrook, Roy"]
[Black "Steadman, Michael V R"]
[Result "0-1"]
[WhiteElo "1814"]
[BlackElo "2194"]
[PlyCount "60"]
[EventDate "2017.08.26"]

1. e4 g6 2. d4 Bg7 3. Nc3 d6 4. Bc4 a6 5. h3 Nd7 6. Nf3 e6 7. O-O Ne7 8. Bf4 b5
9. Bb3 Bb7 10. Re1 c5 11. a4 c4 12. Ba2 Qb6 13. b4 d5 14. exd5 Nxd5 15. Nxd5
Bxd5 16. c3 Qc6 17. a5 h6 18. Qe2 O-O-O 19. Bb1 f5 20. Nh4 Bf6 21. Nxg6 Rhg8
22. Qh5 Bxg2 23. Rxe6 Qxe6 24. Bxf5 Qd5 25. Be5 Bf3 26. Bg4 Bxg4 27. hxg4 Qf7
28. Bxf6 Qxf6 29. Ne5 Nxe5 30. dxe5 Qf3 0-1

[Event "44th North Shore Open"]
[Site "Auckland NZL"]
[Date "2017.08.26"]
[Round "4"]
[White "Polishchuk, Kirill"]
[Black "Li, Shenyue (Sherry)"]
[Result "1-0"]
[WhiteElo "2132"]
[BlackElo "2038"]
[PlyCount "39"]
[EventDate "2017.08.26"]

1. e4 c5 2. d4 cxd4 3. c3 dxc3 4. Nxc3 Nc6 5. Bc4 Nf6 6. Nf3 d6 7. e5 dxe5 8.
Qxd8+ Kxd8 9. Ng5 Kc7 10. Nxf7 Rg8 11. Nb5+ Kb6 12. Be3+ Ka5 13. a3 Bf5 14. b4+
Nxb4 15. axb4+ Kxb4 16. Nxe5 e6 17. O-O h5 18. Rfc1 Rd8 19. Nxa7 Nd5 20. Nac6+
1-0

[Event "44th North Shore Open"]
[Site "Auckland NZL"]
[Date "2017.08.26"]
[Round "4"]
[White "Duneas, John"]
[Black "Goodhue, Nathan"]
[Result "0-1"]
[WhiteElo "2034"]
[BlackElo "1968"]
[PlyCount "84"]
[EventDate "2017.08.26"]

1. d4 c5 2. d5 e5 3. dxe6 fxe6 4. e4 d5 5. Nc3 d4 6. Nce2 e5 7. Ng3 Nf6 8. Nf3
Bd6 9. Bc4 Bg4 10. h3 Bxf3 11. Qxf3 Qe7 12. O-O Nbd7 13. a3 O-O-O 14. b4 Nb6
15. Nf5 Qd7 16. Nxd6+ Qxd6 17. bxc5 Qxc5 18. Bb3 Kb8 19. Bd2 Rhe8 20. Qd3 Qc6
21. f3 Nfd7 22. Ba2 Nc5 23. Qe2 Rd7 24. Ba5 Nca4 25. Bxb6 Qxb6 26. Qd3 Nc3 27.
Bb3 g5 28. a4 h5 29. a5 Qc6 30. Qc4 Qxc4 31. Bxc4 Rc7 32. Bd3 Rc5 33. Ra3 Re7
34. Rfa1 Nb5 35. Rb3 Nd6 36. Kf2 Rec7 37. Kg3 Nc4 38. a6 b6 39. h4 Rg7 40. Rh1
Ne3 41. Rb5 gxh4+ 42. Kxh4 Nxg2+ 0-1

[Event "44th North Shore Open"]
[Site "Auckland NZL"]
[Date "2017.08.26"]
[Round "4"]
[White "Krstev, Antonio"]
[Black "Runcan, Daniel-Ioan"]
[Result "0-1"]
[WhiteElo "2034"]
[BlackElo "1936"]
[PlyCount "122"]
[EventDate "2017.08.26"]

1. d4 Nf6 2. Nf3 d6 3. c4 g6 4. Nc3 Bg7 5. e4 O-O 6. Be2 e5 7. dxe5 dxe5 8.
Qxd8 Rxd8 9. Bg5 Rf8 10. Bxf6 Bxf6 11. Nd5 Bd8 12. O-O-O c6 13. Nc3 f6 14. h4
Be6 15. a3 Nd7 16. Rd6 Kf7 17. Rhd1 Ke7 18. b4 Bc7 19. R6d2 a5 20. Kb2 axb4 21.
axb4 Nb6 22. Nd5+ Bxd5 23. exd5 cxd5 24. c5 Na4+ 25. Kb3 d4 26. Nxd4 exd4 27.
Rxd4 Be5 28. Rd7+ Ke6 29. Rxb7 Nc3 30. Bc4+ Kf5 31. Re1 Na2 32. g3 g5 33. Rxh7
Rfd8 34. f4 Bc3 35. Rf1 Bxb4 36. fxg5+ Kg6 37. Rh6+ Kg7 38. Be6 Ra3+ 39. Kc4
Rc3+ 40. Kb5 Rb8+ 41. Kc6 Rxc5+ 42. Kd7 Rb7+ 43. Kd8 Ba5+ 44. Ke8 Rcc7 45.
gxf6+ Kxh6 46. Rd1 Rb8+ 47. Rd8 Rxd8+ 48. Kxd8 Ra7+ 49. Ke8 Nc3 50. g4 Ne4 51.
g5+ Nxg5 52. hxg5+ Kxg5 53. f7 Ra8+ 54. Kd7 Kf6 55. Bb3 Ke5 56. Kc6 Rb8 57. Ba4
Kd4 58. Kd7 Kc4 59. Ke6 Bb4 60. Kf6 Bf8 61. Kg6 Ra8 0-1

[Event "44th North Shore Open"]
[Site "Auckland NZL"]
[Date "2017.08.26"]
[Round "4"]
[White "Morrell, Gordon"]
[Black "Zhang, Jasmine Haomo"]
[Result "1-0"]
[WhiteElo "2042"]
[BlackElo "1880"]
[PlyCount "63"]
[EventDate "2017.08.26"]

1. c4 e6 2. g3 d5 3. Bg2 Nf6 4. Nf3 Be7 5. O-O O-O 6. b3 c6 7. Bb2 Nbd7 8. d3
Re8 9. Qc2 Bd6 10. Nc3 a6 11. d4 Qe7 12. Rad1 dxc4 13. bxc4 c5 14. e3 Rb8 15.
Ng5 cxd4 16. exd4 h6 17. Nge4 Ba3 18. Bxa3 Qxa3 19. c5 Nxe4 20. Nxe4 Qa5 21. f4
Qc7 22. f5 exf5 23. Nd6 Rf8 24. Nxf5 Qd8 25. Qf2 Kh7 26. Qf4 Qf6 27. Qc7 Qd8
28. Qf4 Qf6 29. Be4 Kh8 30. Qc7 Qe6 31. Nd6 Ra8 32. Nxf7+ 1-0

[Event "44th North Shore Open"]
[Site "Auckland NZL"]
[Date "2017.08.26"]
[Round "4"]
[White "Lim, Benjamin U"]
[Black "Wright, Caleb"]
[Result "1-0"]
[WhiteElo "1927"]
[BlackElo "1864"]
[PlyCount "57"]
[EventDate "2017.08.26"]

1. e4 c5 2. Nf3 d6 3. d4 cxd4 4. Nxd4 Nf6 5. Nc3 g6 6. f3 Bg7 7. Be3 a6 8. Bc4
b5 9. Bb3 Qc7 10. Qd2 h5 11. O-O-O Bb7 12. h4 Nbd7 13. Kb1 Ne5 14. Nde2 Nc4 15.
Bxc4 bxc4 16. Bd4 O-O 17. g4 e5 18. Be3 hxg4 19. Ng3 gxf3 20. h5 Ng4 21. Rh4
Qd7 22. hxg6 fxg6 23. Nd5 Nf6 24. Nb6 Qd8 25. Nxa8 Qxa8 26. Qxd6 Bxe4 27. Nxe4
Nxe4 28. Qe6+ Rf7 29. Rd7 1-0

[Event "44th North Shore Open"]
[Site "Auckland NZL"]
[Date "2017.08.26"]
[Round "4"]
[White "Johns, Daniel P"]
[Black "Hair, Philip I"]
[Result "1-0"]
[WhiteElo "1909"]
[BlackElo "1847"]
[PlyCount "113"]
[EventDate "2017.08.26"]

1. e4 Nc6 2. Nf3 d6 3. d4 Nf6 4. Nc3 a6 5. d5 Nb8 6. Be3 Bg4 7. Be2 Bxf3 8.
Bxf3 Nbd7 9. O-O g6 10. Bd4 Bg7 11. Ne2 Ne5 12. Bxe5 dxe5 13. c4 Qd6 14. Nc3
O-O 15. Rb1 Qb4 16. Qd3 Nd7 17. Be2 f5 18. a3 Qb3 19. Bd1 Qb6 20. b4 Qd4 21.
Bc2 Nb6 22. exf5 gxf5 23. c5 Nc4 24. Rb3 Nd2 25. Qe3 Nxf1 26. Kxf1 e4 27. Qxd4
Bxd4 28. Ne2 Be5 29. h3 Rad8 30. f4 exf3 31. Rxf3 Kh8 32. Re3 Bf6 33. Bb3 f4
34. Re4 Bb2 35. a4 f3 36. Nf4 fxg2+ 37. Kxg2 Rg8+ 38. Kf2 Rgf8 39. Ke2 Rf6 40.
Nd3 Ba1 41. Rxe7 b6 42. Rxc7 Re8+ 43. Kd2 Rg6 44. Rf7 Bd4 45. Nf4 Be3+ 46. Kc2
Bxf4 47. Rxf4 Rg2+ 48. Kc3 Re3+ 49. Kc4 b5+ 50. axb5 axb5+ 51. Kxb5 Rxb3 52. d6
Rd2 53. Kc6 Rbd3 54. b5 Kg7 55. b6 Rc3 56. Rf5 Kg6 57. Rd5 1-0

[Event "44th North Shore Open"]
[Site "Auckland NZL"]
[Date "2017.08.26"]
[Round "4"]
[White "Picken, Oliver"]
[Black "Mukkattu, Philip"]
[Result "1-0"]
[WhiteElo "1866"]
[BlackElo "1674"]
[PlyCount "49"]
[EventDate "2017.08.26"]

1. e4 c6 2. Bc4 d5 3. Bb3 dxe4 4. Qh5 g6 5. Qh4 Nf6 6. Nc3 Bg7 7. f3 exf3 8.
Nxf3 Nbd7 9. d4 Qa5 10. Bh6 O-O 11. Ng5 e6 12. O-O c5 13. Bxg7 Kxg7 14. Nce4 h6
15. Nxf6 Nxf6 16. Rxf6 hxg5 17. Qxg5 Qd8 18. Raf1 Qxd4+ 19. Kh1 c4 20. c3 Qd5
21. Rxg6+ fxg6 22. Qe7+ Kh6 23. Qxf8+ Kg5 24. Qf4+ Kh5 25. Bd1+ 1-0

[Event "44th North Shore Open"]
[Site "Auckland NZL"]
[Date "2017.08.26"]
[Round "4"]
[White "Nagorski, Alex"]
[Black "Qin, Nicole Shu Yu"]
[Result "1-0"]
[WhiteElo "1859"]
[BlackElo "1551"]
[PlyCount "69"]
[EventDate "2017.08.26"]

1. Nf3 e6 2. c4 d5 3. d4 c6 4. Nc3 Nf6 5. e3 Bd6 6. Bd3 dxc4 7. Bxc4 b5 8. Bd3
Bb7 9. O-O O-O 10. e4 Be7 11. Qc2 h6 12. Rd1 Na6 13. Qe2 Nc7 14. e5 Nfd5 15.
Qe4 f5 16. exf6 Nxf6 17. Qg6 Qe8 18. Qg3 Ncd5 19. Nxd5 exd5 20. Bxh6 Nh5 21.
Qc7 gxh6 22. Re1 Qc8 23. Qxc8 Bxc8 24. Rxe7 Nf4 25. Bh7+ Kh8 26. Ne5 Bf5 27.
Bxf5 Rxf5 28. Nf7+ Kg7 29. Nd6+ Kf6 30. Nxf5 Kxf5 31. Rf7+ Kg5 32. h4+ Kg4 33.
f3+ Kg3 34. Rg7+ Kxh4 35. Rg4+ 1-0